| 000 | 01095nam2a2200265 4500 | ||
|---|---|---|---|
| 001 | RU\NLR\BIBL_A\012422387 | ||
| 005 | 20210830155246.0 | ||
| 010 | _a978-5-94524-223-4 | ||
| 021 |
_aRU _bКН-П-20-050015 _9КН-П-20-3771 |
||
| 035 | _a(NLR Aleph) 012422387 | ||
| 035 | _a(RuMoRGB)010406617 | ||
| 090 |
_a11833674 _c11833674 |
||
| 100 | _a20201216d2020 u y0rusy50 ca | ||
| 101 | 0 | _arus | |
| 102 | _aRU | ||
| 105 | _a c||z|||000zd | ||
| 200 | 0 | _aКн. 2 | |
| 210 | _d2020 | ||
| 215 |
_a191, [1] с. _cил., портр. |
||
| 320 | _aБиблиогр. в конце кн. перед вып. дан. (5 назв.) | ||
| 461 | 0 |
_1001RU\NLR\BIBL_A\012424997 _12001#$aПамять - наша совесть$fГульнара Вахитова$vКн. 2 _1700#1$aВахитова$bГ. Г.$f1969-$gГульнара Гарифьяновна _911845884 _aВахитова, Г. Г. (1969-) _cУфа _d2020 _fГульнара Вахитова _nДиалог _tПамять - наша совесть _vКн. 2 |
|
| 942 | _cBOOK | ||
| 980 | _aNB | ||